000 01130nam0a22002531 4500
001 rc\3417413
005 20260510063723.0
021 _aRU
_b[73-91094]
035 _a(NLR Aleph) 007580656
090 _a5504806
_c5504806
100 _a20130115d1973 |||y0rusy50 ca
101 0 _arus
102 _aRU
105 _ay z |||||
200 1 _aРекомендации по выбору мощностей фабрик-прачечных для городов с различной численностью населения
_fМ-во жил.-коммун. хоз-ва РСФСР. Акад. коммун. хоз-ва им. К.Д. Памфилова. Отд. науч.-техн. информации
210 _aМосква
_cБ. и.
_d1973
215 _a12 с.
_d19
606 _aПрачечные
_xПроизводственная мощность
_2psbo
712 0 2 _aАкадемия коммунального хозяйства им. К. Д. Памфилова
_cМосква
_9294176
_3RU\NLR\AUTH\8810784
801 0 _aRU
_bNLR
_gpsbo
801 1 _aRU
_bELAR
_2rusmarc
852 _aNLR
_j73-4/40109
942 _cBOOK
980 _aNB